000 00277nam a22000977a 4500
100 _aMathew, T.V.
245 _aRubber Board @ 75. 8. Rubberkrishimekhalayum puthiya sameepanangalum
260 _bRubber, 693(February): 2024. 14-18.
700 _aRubber Board history
942 _cJS
999 _c75249
_d75249